MARC details
| 000 -LEADER |
| fixed length control field |
02693cam a2200397 i 4500 |
| 001 - CONTROL NUMBER |
| control field |
677 |
| 003 - CONTROL NUMBER IDENTIFIER |
| control field |
MYCC |
| 005 - DATE AND TIME OF LATEST TRANSACTION |
| control field |
20260127155339.0 |
| 008 - FIXED-LENGTH DATA ELEMENTS--GENERAL INFORMATION |
| fixed length control field |
240521s2024 nyu b 001 0 eng |
| 020 ## - INTERNATIONAL STANDARD BOOK NUMBER |
| International Standard Book Number |
9781250337740 |
| Qualifying information |
hardback |
| 020 ## - INTERNATIONAL STANDARD BOOK NUMBER |
| Canceled/invalid ISBN |
9781250337757 |
| Qualifying information |
ebook |
| 040 ## - CATALOGING SOURCE |
| Original cataloging agency |
DLC |
| Language of cataloging |
eng |
| Description conventions |
rda |
| Transcribing agency |
DLC |
| Modifying agency |
DLC |
| -- |
MYCC |
| 082 00 - DEWEY DECIMAL CLASSIFICATION NUMBER |
| Classification number |
006.3 |
| Edition information |
23 |
| 090 00 - LOCALLY ASSIGNED LC-TYPE CALL NUMBER (OCLC); LOCAL CALL NUMBER (RLIN) |
| Classification number (OCLC) (R) ; Classification number, CALL (RLIN) (NR) |
006.3 |
| Local cutter number (OCLC) ; Book number/undivided call number, CALL (RLIN) |
OLS |
| 100 1# - MAIN ENTRY--PERSONAL NAME |
| Personal name |
Olson, Parmy, |
| Relator term |
author. |
| 245 10 - TITLE STATEMENT |
| Title |
Supremacy : |
| Remainder of title |
AI, ChatGPT, and the Race That Will Change the World / |
| Statement of responsibility, etc. |
Parmy Olson. |
| 246 3# - VARYING FORM OF TITLE |
| Title proper/short title |
Artificial Intelligence, ChatGPT, and the Race That Will Change the World / |
| 250 ## - EDITION STATEMENT |
| Edition statement |
First edition. |
| 264 #1 - PRODUCTION, PUBLICATION, DISTRIBUTION, MANUFACTURE, AND COPYRIGHT NOTICE |
| Place of production, publication, distribution, manufacture |
New York : |
| Name of producer, publisher, distributor, manufacturer |
St. Martin's Press, |
| Date of production, publication, distribution, manufacture, or copyright notice |
2024. |
| 264 #4 - PRODUCTION, PUBLICATION, DISTRIBUTION, MANUFACTURE, AND COPYRIGHT NOTICE |
| Date of production, publication, distribution, manufacture, or copyright notice |
©2024 |
| 300 ## - PHYSICAL DESCRIPTION |
| Extent |
xiii, 320 pages ; |
| Dimensions |
22 cm |
| 336 ## - CONTENT TYPE |
| Content type term |
text |
| Content type code |
txt |
| Source |
rdacontent |
| 337 ## - MEDIA TYPE |
| Media type term |
unmediated |
| Media type code |
n |
| Source |
rdamedia |
| 338 ## - CARRIER TYPE |
| Carrier type term |
volume |
| Carrier type code |
nc |
| Source |
rdacarrier |
| 504 ## - BIBLIOGRAPHY, ETC. NOTE |
| Bibliography, etc. note |
Includes bibliographical references (pages 295-308) and index. |
| 520 ## - SUMMARY, ETC. |
| Summary, etc. |
"In November of 2022, a webpage was posted online with a simple text box. It was an AI chatbot called ChatGPT, and was unlike any app people had used before. It was more human than a customer service agent, more convenient than a Google search. Behind the scenes, battles for control and prestige between the world's two leading AI firms, OpenAI and DeepMind, who now steers Google's AI efforts, has remained elusive - until now. In Supremacy, Olson, tech writer at Bloomberg, tells the astonishing story of the battle between these two AI firms, their struggles to use their tech for good, and the hazardous direction they could go as they serve two tech monopolies whose power is unprecedented in history. The story focuses on the continuing rivalry of two key CEOs at the center of it all, who cultivated a religion around their mission to build god-like super intelligent machines: Sam Altman, CEO of OpenAI, and Demis Hassabis, the CEO of DeepMind. Supremacy sharply alerts readers to the real threat of artificial intelligence that its top creators are ignoring: the profit-driven spread of flawed and biased technology into industries, education, media and more. With exclusive access to a network of high-ranking sources, Parmy Olson uses her 13 years of experience covering technology to bring to light the exploitation of the greatest invention in human history, and how it will impact us all"-- |
| Assigning source |
Provided by publisher. |
| 600 10 - SUBJECT ADDED ENTRY--PERSONAL NAME |
| Personal name |
Altman, Sam, |
| Dates associated with a name |
1985- |
| 600 10 - SUBJECT ADDED ENTRY--PERSONAL NAME |
| Personal name |
Hassabis, Demis, |
| Dates associated with a name |
1976- |
| 610 20 - SUBJECT ADDED ENTRY--CORPORATE NAME |
| Corporate name or jurisdiction name as entry element |
OpenAI (Firm) |
| 610 20 - SUBJECT ADDED ENTRY--CORPORATE NAME |
| Corporate name or jurisdiction name as entry element |
Google DeepMind (Firm) |
| 630 00 - SUBJECT ADDED ENTRY--UNIFORM TITLE |
| Uniform title |
ChatGPT. |
| 650 #0 - SUBJECT ADDED ENTRY--TOPICAL TERM |
| Topical term or geographic name entry element |
Artificial intelligence |
| General subdivision |
Social aspects. |
| 653 0# - INDEX TERM--UNCONTROLLED |
| Uncontrolled term |
Artificial intelligence |
| 653 0# - INDEX TERM--UNCONTROLLED |
| Uncontrolled term |
Computers and society |
| 942 ## - ADDED ENTRY ELEMENTS (KOHA) |
| Source of classification or shelving scheme |
Dewey Decimal Classification |
| Koha item type |
Books |